Actuaciones políticas de género en empresas del sector bancario

I tiakina i:
Ngā taipitopito rārangi puna kōrero
Kaituhi matua: Riquelme Giagnoni, Verónica (Author)
Hōputu: Pukapuka
Reo:Pāniora
I whakaputaina: Santiago Dirección del Trabajo 2013
Putanga:1a. ed
Rangatū:Aporte al Debate Laboral, 28
Ngā marau:
Ngā Tūtohu: Tāpirihia he Tūtohu
Kāore He Tūtohu, Me noho koe te mea tuatahi ki te tūtohu i tēnei pūkete!

MARC

LEADER 00000cam a2200000 a 4500
001 UCE9382
003 CL-VaPUC
008 151022e20130000cl |||||||||||||||||spa|d
020 |a 9789567978656 
082 0 4 |a 331.2183  |b RIQ  |2 21 
100 0 |a Riquelme Giagnoni, Verónica  |e author  |9 582215 
245 1 0 |a Actuaciones políticas de género en empresas del sector bancario 
250 |a 1a. ed 
300 |a 124 p 
942 |c BK 
945 |d 20151022 17:18:00  |a dcastane 
260 |a Santiago  |b Dirección del Trabajo  |c 2013 
650 0 |a Discriminación de género  |9 538222 
650 0 |a Discriminación de la mujer  |9 429690 
650 0 |a Bancos  |9 254963 
583 |a last modification  |c 20151022 17:18:00  |k Rodrigo Vera 
490 0 |a Aporte al Debate Laboral, 28 
999 |c 361046  |d 361044 
952 |0 0  |1 0  |3 erb  |4 0  |6 331_218300000000000_RIQ_2013  |7 0  |8 A  |9 471367  |a BIBGIM  |b BIBGIM  |i 5243785  |o 331.2183 RIQ 2013  |p 5243785  |r 2025-01-15  |w 2019-11-24  |y BK  |z Catalogado en:20151022  |k SSL